Normal view
MARC view
Entry Personal Name
001 - CONTROL NUMBER
- control field: 49340
003 - CONTROL NUMBER IDENTIFIER
- control field: ARRUPE
005 - DATE AND TIME OF LATEST TRANSACTION
- control field: 20200204120641.0
008 - FIXED-LENGTH DATA ELEMENTS
- fixed length control field: 200204|| aca||aabn | a|a d
040 ## - CATALOGING SOURCE
- Original cataloging agency: ARRUPE
- Transcribing agency: ARRUPE
100 ## - HEADING--PERSONAL NAME
- Personal name: Rothschild, Lionel Nathan de,
- Titles and other words associated with a name: Baron,
- Dates associated with a name: 1808-1879.
670 ## - SOURCE DATA FOUND
- Source citation: Work cat.: (ARRUPE)0: Weintraub, Stanley, 1929- 49339, Charlotte and Lionel :, c2004.